Statistiques concernant 15 principaux pays touchés par Covid-19 - 4 août 2021

Cliquez ici pour prendre le quiz!

Statistiques générales

  • Ce quiz a été pris 30 fois
  • Le résultat moyen est 14 sur 27

Statistiques - réponses

pays% Correct
Etats-Unis
100%
France
100%
Espagne
96%
Italie
92%
Allemagne
88%
Inde
85%
Belgique
81%
Brésil
81%
Russie
81%
Royaume-Uni
77%
Portugal
73%
Argentine
65%
Suède
58%
Pays-Bas
50%
Pologne
50%
Colombie
35%
Iran
31%
Indonésie
27%
Tchèquie
23%
Turquie
23%
Estonie
15%
Lituanie
15%
Slovénie
8%
Uruguay
8%
Bahreïn
0%
Géorgie
0%
Panama
0%

Distribution des résultats

Percentile par nombre de réponses

% des personnes avec chaque résultat

Votre développement - résultats

Vous n’avez pas pris ce quiz